|
|
|
|
| LEADER |
00000nam0a2200000 4500 |
| 001 |
204568 |
| 005 |
20231031190105.0 |
| 035 |
|
|
|a (RuTPU)RU\TPU\book\222994
|
| 090 |
|
|
|a 204568
|
| 100 |
|
|
|a 20111128d1978 k y0rusy50 ca
|
| 101 |
0 |
|
|a rus
|
| 102 |
|
|
|a RU
|
| 105 |
|
|
|a a z 101zy
|
| 200 |
1 |
|
|a Геоморфология и палеогеография шельфа
|e материалы XII пленума Геоморфологической комиссии, Владивосток, 22024 сентября 1975 г.
|f Академия наук СССР (АН СССР), Институт географии (ИГ); под ред. П. А. Каплина, Л. Г. Никифорова, Д. А. Тимофеева
|
| 210 |
|
|
|a Москва
|c Наука
|d 1978
|
| 215 |
|
|
|a 234 с.
|c ил., 1 отд. л. схем.
|
| 320 |
|
|
|a Библиография в конце статей
|
| 610 |
1 |
|
|a геоморфология
|
| 610 |
1 |
|
|a палеогеография
|
| 610 |
1 |
|
|a шельфы
|
| 610 |
1 |
|
|a рельеф
|
| 610 |
1 |
|
|a исследования
|
| 610 |
1 |
|
|a Дальний Восток
|
| 610 |
1 |
|
|a Приморье
|
| 610 |
1 |
|
|a Сахалин
|
| 610 |
1 |
|
|a Чукотское море
|
| 610 |
1 |
|
|a сборники
|
| 610 |
1 |
|
|a пленумы
|
| 675 |
|
|
|a 551.3(063)
|v 3
|
| 675 |
|
|
|a 551.8(063)
|v 3
|
| 702 |
|
1 |
|a Каплин
|b П. А.
|g Павел Алексеевич
|4 340
|
| 702 |
|
1 |
|a Никифоров
|b Л. Г.
|4 340
|
| 702 |
|
1 |
|a Тимофеев
|b Д. А.
|4 340
|
| 712 |
0 |
2 |
|a Академия наук СССР (АН СССР)
|b Институт географии (ИГ)
|c (Москва)
|2 stltpush
|3 (RuTPU)RU\TPU\col\11388
|
| 712 |
1 |
2 |
|a Геоморфология и палеогеография шельфа
|b пленум Геоморфологической комиссии
|c материалы
|d 12
|e Владивосток
|f 1975
|
| 801 |
|
1 |
|a RU
|b 63413507
|c 20111128
|
| 801 |
|
2 |
|a RU
|b 63413507
|c 20111205
|g RCR
|
| 942 |
|
|
|c BK
|